000
00336nam a22001457a 4500
008
221122b ||||| |||| 00| 0 eng d
020
_a
9781435438675
041
_a
eng
080
_2
FOURTH EDITION
_a
61
082
_a
61 CUR
100
_a
5
101
_a
MJK
245
_a
DIMENSIONAL ANALYSIS FOR MEDS
_c
CURREN M.A
942
_2
udc
_c
BK
999
_c
58998
_d
58998